书目信息 |
| 题名: |
钢筋混凝土工程施工技术措施
|
|
| 作者: | 李大龙 主编 ;北京土木建筑学会 编 | |
| 分册: | ||
| 出版信息: | 北京 经济科学出版社 2005.06 |
|
| 页数: | 431页 | |
| 开本: | 26cm | |
| 丛书名: | 建筑工程施工技术措施系列丛书 | |
| 单 册: | ||
| 中图分类: | TU755 | |
| 科图分类: | ||
| 主题词: | 钢筋混凝土--gang jin hun ning tu--混凝土施工--技术措施 | |
| 电子资源: | ||
| ISBN: | 7-5058-4998-0 | |
| 000 | 01240nam 2200265 450 | |
| 001 | 012006557315 | |
| 005 | 20060922155310.90 | |
| 010 | @a7-5058-4998-0@dCNY50.00 | |
| 100 | @a20060711d2005 km y0chiy0120 ea | |
| 101 | 0 | @achi |
| 102 | @aCN@b110000 | |
| 105 | @aa z 000yy | |
| 200 | 1 | @a钢筋混凝土工程施工技术措施@Agang jin hun ning tu gong cheng shi gong ji shu cuo shi@f北京土木建筑学会编@Fbei jing tu mu jian zhu xue hui bian |
| 210 | @a北京@c经济科学出版社@d2005.06 | |
| 215 | @a431页@c图@d26cm | |
| 225 | 2 | @a建筑工程施工技术措施系列丛书@Ajian zhu gong cheng shi gong ji shu cuo shi xi lie cong shu |
| 314 | @a书中题: 主编李大龙 | |
| 330 | @a本书主要讲述了近年来我国在现浇钢筋混凝土建筑结构施工方面所取得的综合经济效果。包括混凝土原材料和主要技术性能、普通混凝土和有特殊要求的混凝土配合比设计与施工、掺外加剂混凝土配合比设计与施工、混凝土搅拌及运输、混凝土工程质量验收及缺陷防治、混凝土冬期施工及安全技术等。 | |
| 410 | 0 | @12001 @a建筑工程施工技术措施系列丛书 |
| 606 | 0 | @a钢筋混凝土@Agang jin hun ning tu@x混凝土施工@x技术措施 |
| 690 | @aTU755@v4 | |
| 701 | 0 | @a李大龙@Ali da long@4主编 |
| 712 | 02 | @a北京土木建筑学会@Abei jing tu mu jian zhu xue hui@4编 |
| 801 | 0 | @aCN@bQSSK@c20060922 |
| 905 | @a10447@dTU755@eL143 | |
| 钢筋混凝土工程施工技术措施/北京土木建筑学会编.-北京:经济科学出版社,2005.06 |
| 431页:图;26cm.-(建筑工程施工技术措施系列丛书) |
| ISBN 7-5058-4998-0:CNY50.00 |
| 本书主要讲述了近年来我国在现浇钢筋混凝土建筑结构施工方面所取得的综合经济效果。包括混凝土原材料和主要技术性能、普通混凝土和有特殊要求的混凝土配合比设计与施工、掺外加剂混凝土配合比设计与施工、混凝土搅拌及运输、混凝土工程质量验收及缺陷防治、混凝土冬期施工及安全技术等。 |
| ● |
| 相关链接 |
|
|
|
正题名:钢筋混凝土工程施工技术措施
索取号:TU755/L143
 
预约/预借
| 序号 | 登录号 | 条形码 | 馆藏地/架位号 | 状态 | 备注 |
| 1 | 595607 | 205956072 | 建筑库201/201建筑库 42排1列5层/ [索取号:TU755/L143] | 在馆 | |
| 2 | 595608 | 205956081 | 建筑库201/201建筑库 42排1列5层/ [索取号:TU755/L143] | 在馆 |